Oral English : some techniques for teaching
Guardado en:
| Format: | Bog |
|---|---|
| Sprog: | Undetermined |
| Udgivet: |
Washington, Estados Unidos
Information Center Service
1974
|
| Fag: | |
| Tags: |
Tilføj Tag
Ingen Tags, Vær først til at tagge denne postø!
|
MARC
| LEADER | 00000nam a2200000Ia 4500 | ||
|---|---|---|---|
| 008 | 170316s9999 xx 000 0 und d | ||
| 090 | |a 410 O-3o | ||
| 245 | |a Oral English : some techniques for teaching | ||
| 260 | |a Washington, Estados Unidos | ||
| 260 | |b Information Center Service | ||
| 260 | |c 1974 | ||
| 300 | |a 100 páginas | ||
| 650 | |a LINGÜÍSTICA | ||
| 999 | |c 18643 |d 18643 | ||
| 040 | |a cru BVZT | ||
| 942 | |c 15 D |h 410 O-3o |2 z | ||
